Colgando en tus Manos - Carlos Baute con Marta Sánchez - Estadísticas

Estadísticas generales
  • Esta prueba ha sido intentada 271 veces
  • La puntuación promedio es 238 de 288
Estadísticas de respuestas
% Correcto
en
98%
y
98%
Y
98%
tu
97%
Tu
97%
de
96%
manos
96%
Estribillo Te
96%
te
96%
tus
96%
Tus
96%
colgando
95%
mi
95%
canciones
93%
poemas
93%
que
93%
qué
93%
envío
92%
letra
92%
puño
92%
Venezuela
90%
está
88%
no
88%
Puente | Verso No
88%
por
88%
corazón
86%
cuando
86%
esto
86%
la
86%
Marbella
86%
me
86%
cenando
85%
estuvimos
85%
las
85%
el
84%
fotos
84%
estoy
82%
lo
82%
Lo
82%
presente
81%
Cuidado,
80%
cuidado,
80%
cuidado
80%
tengas
79%
destino
78%
destino,
78%
contigo,
77%
contigo
77%
Así
76%
así
76%
fue
76%
Pre-estribillo Sabes
76%
encontrarme
75%
coincidencia
74%
hizo
74%
Verso Quizá
74%
tal
72%
vez
72%
recuerdes
71%
71%
4.40
69%
caer
69%
dejes
69%
Quiero
65%
quiero
65%
ti
64%
pecho
61%
conmigo
60%
nuevo
59%
sentido
58%
sexto
58%
yo
58%
besos
57%
estaré
56%
dormirme
55%
unidos
55%
estaremos
54%
Marta,
54%
pronto
54%
camino
53%
después
52%
digo
52%
tienes
51%
diga
49%
Esa
48%
despierte
47%
sueña
46%
sonrisa
45%
traviesa
45%
importa
44%
prohibido
42%
todo
40%
labios,
39%
esperanza
38%
fragancia
37%
perderé
37%
quédate
37%
tener
36%
vive
35%
dice
34%
beberme
32%
hablar
32%
cariño,
30%
No se encontraron pruebas coincidentes
Distribución de puntuación
Porcentaje de gente con cada puntuación
Porcentaje por número respondido
Historial de tus puntuaciones
No has intentado esta prueba.